000 00257nam a2200097Ia 4500
001 712241
005 20250826162823.0
008 250824s9999 xx 000 0 und d
245 0 _aTARİHİMİZDE GARİP VAKALAR
_cREŞAD EKREM KOÇU
260 _bDOĞAN YAYINLARI
999 _c712241
_d712241